<The> Economic journal <The> Journal of the Royal Economic Society

Uložené v:
Podrobná bibliografia
Médium: Seriál
Jazyk:English
Vydavateľské údaje: Oxford Blackwell 1994
Predmet:
Tagy: Pridať tag
Žiadne tagy, Buďte prvý, kto otaguje tento záznam!

MARC

LEADER 00000nas2a2200000 4500
001 s017830
005 20240109100536.0
022 |a 0013-0133 
041 0 |a eng 
044 |a GB 
245 1 0 |a <The> Economic journal  |b <The> Journal of the Royal Economic Society 
264 1 |a Oxford  |b Blackwell  |c 1994 
300 |a 2 zv. 
773 0 |w eu_un_cat*s120145 
610 2 0 |a analýza ekonomická 
610 2 0 |a ekonometria 
610 2 0 |a hospodárstvo svetové